Canadian Institute of Chartered Accountants (Record no. 120164)

MARC details
000 -LEADER
fixed length control field 00838cam a2200229 4500
001 - CONTROL NUMBER
control field WS119282
008 - FIXED-LENGTH DATA ELEMENTS--GENERAL INFORMATION
fixed length control field 020809n 000 0 eng u
035 ## - SYSTEM CONTROL NUMBER
System control number (Sirsi) u119282
110 ## - MAIN ENTRY--CORPORATE NAME
Corporate name or jurisdiction name as entry element Canadian Institute of Chartered Accountants
9 (RLIN) 4329
245 ## - TITLE STATEMENT
Title Canadian Institute of Chartered Accountants
520 ## - SUMMARY, ETC.
Summary, etc. Web site for this Canadian body for chartered accountants including pages on accounting standards and benchmarking.
650 ## - SUBJECT ADDED ENTRY--TOPICAL TERM
Topical term or geographic name entry element ORGANISATION
650 ## - SUBJECT ADDED ENTRY--TOPICAL TERM
Topical term or geographic name entry element CANADA
650 ## - SUBJECT ADDED ENTRY--TOPICAL TERM
Topical term or geographic name entry element INTERNATIONAL
650 ## - SUBJECT ADDED ENTRY--TOPICAL TERM
Topical term or geographic name entry element MANAGEMENT-BUSINESS MANAGEMENT-FINANCIAL MANAGEMENT-ACCOUNTING
650 ## - SUBJECT ADDED ENTRY--TOPICAL TERM
Topical term or geographic name entry element ACCOUNTING STANDARDS
650 ## - SUBJECT ADDED ENTRY--TOPICAL TERM
Topical term or geographic name entry element BENCHMARKING
650 ## - SUBJECT ADDED ENTRY--TOPICAL TERM
Topical term or geographic name entry element Valuation
9 (RLIN) 6273
690 ## - LOCAL SUBJECT ADDED ENTRY--TOPICAL TERM (OCLC, RLIN)
Topical term or geographic name as entry element PROPERTY-PROPERTY FINANCE AND INVESTMENT
856 40 - ELECTRONIC LOCATION AND ACCESS
Uniform Resource Identifier <a href="https://www.cica.ca">https://www.cica.ca</a>
Public note View the website free of charge at www.cica.ca...
942 ## - ADDED ENTRY ELEMENTS (KOHA)
Suppress in OPAC 0
Holdings
Withdrawn status Lost status Source of classification or shelving scheme Damaged status Not for loan Home library Current library Shelving location Date acquired Total Checkouts Full call number Barcode Date last seen Copy number Price effective from Koha item type
    Dewey Decimal Classification     Virtual Virtual Online 09/08/2002   WEB SITE 119282-2001 06/08/2019 1 06/08/2019 Online material